<?xml version="1.0" encoding="UTF-8"?>
<collection xmlns="http://www.loc.gov/MARC21/slim">
 <record>
  <leader>02953nab a2200313 i 4500</leader>
  <controlfield tag="001">publ24890</controlfield>
  <controlfield tag="005">20220816082124.0</controlfield>
  <controlfield tag="008">220816s2022    hu      o     0||   Angol d</controlfield>
  <datafield tag="022" ind1=" " ind2=" ">
   <subfield code="a">1388-0209</subfield>
  </datafield>
  <datafield tag="024" ind1="7" ind2=" ">
   <subfield code="a">10.1080/13880209.2022.2103574</subfield>
   <subfield code="2">doi</subfield>
  </datafield>
  <datafield tag="024" ind1="7" ind2=" ">
   <subfield code="a">33049439</subfield>
   <subfield code="2">mtmt</subfield>
  </datafield>
  <datafield tag="040" ind1=" " ind2=" ">
   <subfield code="a">SZTE Publicatio Repozitórium</subfield>
   <subfield code="b">hun</subfield>
  </datafield>
  <datafield tag="041" ind1=" " ind2=" ">
   <subfield code="a">Angol</subfield>
  </datafield>
  <datafield tag="100" ind1="1" ind2=" ">
   <subfield code="a">Kovács Balázs</subfield>
  </datafield>
  <datafield tag="245" ind1="1" ind2="0">
   <subfield code="a">Antiproliferative and cytotoxic effects of sesquiterpene lactones isolated from Ambrosia artemisiifolia on human adenocarcinoma and normal cell lines.</subfield>
   <subfield code="h">[elektronikus dokumentum] /</subfield>
   <subfield code="c"> Kovács Balázs</subfield>
  </datafield>
  <datafield tag="260" ind1=" " ind2=" ">
   <subfield code="c">2022</subfield>
  </datafield>
  <datafield tag="300" ind1=" " ind2=" ">
   <subfield code="a">1511-1519</subfield>
  </datafield>
  <datafield tag="490" ind1="0" ind2=" ">
   <subfield code="a">PHARMACEUTICAL BIOLOGY</subfield>
   <subfield code="v">60 No. 1</subfield>
  </datafield>
  <datafield tag="520" ind1="3" ind2=" ">
   <subfield code="a">Ambrosia artemisiifolia L. (Asteraceae) contains sesquiterpene lactones as characteristic secondary metabolites. Many of these compounds exert antiproliferative and cytotoxic effects.To isolate the sesquiterpene lactones from the aerial part of A. artemisiifolia and to elucidate their cytotoxic, antiproliferative and antibacterial effects.The compounds were identified by one-dimensional (1D) and 2D NMR, HR-MS spectroscopy from the methanol extract. Isolated compounds were investigated for their cytotoxic and antiproliferative effects on human colonic adenocarcinoma cell lines and human embryonal lung fibroblast cell line using MTT assay. The selectivity of the sesquiterpenes was calculated towards the normal cell line. To check the effect of drug interactions between compounds and doxorubicin, multidrug-resistant Colo 320 cells were used.A new seco-psilostachyinolide derivative, 1,10-dihydro-1'-noraltamisin, and seven known compounds were isolated from the methanol extract. Acetoxydihydrodamsin had the most potent cytotoxic effect on sensitive (Colo205) cell line (IC50 = 7.64 µM), also the strongest antiproliferative effect on Colo205 (IC50 = 5.14 µM) and Colo320 (IC50 = 3.67 µM) cell lines. 1'-Noraltamisin (IC50 = 8.78 µM) and psilostachyin (IC50 = 5.29 µM) showed significant antiproliferative effects on the multidrug-resistant Colo320 cell line and had moderate selectivity against human embryonal lung fibroblast cell line. Psilostachyin C exhibited cytotoxic effects on Colo205 cells (IC50 = 26.60 µM). None of the isolated compounds inhibited ABCB1 efflux pump (EP; P-glycoprotein) or the bacterial EPs.Acetoxydihydrodamsin, 1'-noraltamisin, and psilostachyin showed the most remarkable cytotoxic and antiproliferative activity on tumour cell lines and exerted selectivity towards MRC-5 cell line.</subfield>
  </datafield>
  <datafield tag="650" ind1=" " ind2="4">
   <subfield code="a">Farmakológia és gyógyszerészet</subfield>
  </datafield>
  <datafield tag="700" ind1="0" ind2="1">
   <subfield code="a">Szemerédi Nikoletta</subfield>
   <subfield code="e">aut</subfield>
  </datafield>
  <datafield tag="700" ind1="0" ind2="1">
   <subfield code="a">Kúsz Norbert</subfield>
   <subfield code="e">aut</subfield>
  </datafield>
  <datafield tag="700" ind1="0" ind2="1">
   <subfield code="a">Kiss Tivadar</subfield>
   <subfield code="e">aut</subfield>
  </datafield>
  <datafield tag="700" ind1="0" ind2="2">
   <subfield code="a">Csupor-Löffler Boglárka</subfield>
   <subfield code="e">aut</subfield>
  </datafield>
  <datafield tag="700" ind1="0" ind2="2">
   <subfield code="a">Tsai Yu-Chi</subfield>
   <subfield code="e">aut</subfield>
  </datafield>
  <datafield tag="700" ind1="0" ind2="2">
   <subfield code="a">Rácz Bálint</subfield>
   <subfield code="e">aut</subfield>
  </datafield>
  <datafield tag="700" ind1="0" ind2="2">
   <subfield code="a">Spengler Gabriella</subfield>
   <subfield code="e">aut</subfield>
  </datafield>
  <datafield tag="700" ind1="0" ind2="2">
   <subfield code="a">Csupor Dezső</subfield>
   <subfield code="e">aut</subfield>
  </datafield>
  <datafield tag="856" ind1="4" ind2="0">
   <subfield code="u">http://publicatio.bibl.u-szeged.hu/24890/1/13880209.2022.pdf</subfield>
   <subfield code="z">Dokumentum-elérés </subfield>
  </datafield>
 </record>
</collection>
